A.F.C. Bournemouth Goalscorers in 2019-20 Premier League - Statistics

General Stats
  • This quiz has been taken 25 times
  • The average score is 9 of 14
Answer Stats
Number of Goals Player % Correct
7 Callum Wilson
95%
7 Harry Wilson
95%
6 Joshua King
90%
1 Steve Cook
86%
2 Nathan Ake
71%
1 Ryan Fraser
71%
3 Dan Gosling
62%
3 Dominic Solanke
62%
1 Jefferson Lerma
62%
2 Junior Stanislas
57%
1 David Brooks
52%
1 Philip Billing
52%
1 Chris Mepham
33%
1 Sam Surridge
24%
No matching quizzes found
Score Distribution
Percent of People with Each Score
Percentile by Number Answered
Your Score History
You have not taken this quiz